Movies Quiz

Random Movies or Clickable Quiz

Woody Allen Keywords Quiz Stats

 Plays Quiz not verified by Sporcle

Also try: Tarantino Keywords
Challenge
Share
Tweet
Embed
Score 0/32 Timer 06:00
0 Plays Today
% Correct
Vicky Cristina Barcelona
92.7%
Match Point
89.9%
Sleeper
85.3%
Love and Death
84.4%
Bananas
82.6%
Everything You Always Wanted to Know About Sex* (*But Were Afraid to Ask)
80.7%
Zelig
78.9%
Mighty Aphrodite
78.9%
Take the Money and Run
78%
What's Up, Tiger Lily?
76.1%
Bullets Over Broadway
75.2%
Annie Hall
72.5%
Hannah and Her Sisters
72.5%
Small Time Crooks
72.5%
Midnight In Paris
72.5%
Manhattan
70.8%
% Correct
Broadway Danny Rose
69.7%
Sweet and Lowdown
69.7%
The Purple Rose of Cairo
66.1%
The Curse of the Jade Scorpion
65.1%
A Midsummer Night's Sex Comedy
61.5%
Scoop
59.6%
Interiors
58.7%
Alice
56%
Shadows and Fog
53.2%
You Will Meet a Tall Dark Stranger
53.2%
Blue Jasmine
52.1%
Cassandra's Dream
49.5%
To Rome With Love
45%
Whatever Works
41.3%
Celebrity
36.7%
Melinda and Melinda
36.7%

You're not logged in!

Compare scores with friends on all Sporcle quizzes.
OR
Log In

You Might Also Like...

Show Comments

Extras

Top Quizzes Today


Score Distribution

Your Account Isn't Verified!

In order to create a playlist on Sporcle, you need to verify the email address you used during registration. Go to your Sporcle Settings to finish the process.

Report this User

Report this user for behavior that violates our Community Guidelines.

Details: